Change in rural society of India (Record no. 443265)

000 -LEADER
fixed length control field 00455cam a22001457a 4500
008 - FIXED-LENGTH DATA ELEMENTS--GENERAL INFORMATION
fixed length control field 180718b2010 xxu||||| |||| 00| 0 eng d
020 ## - INTERNATIONAL STANDARD BOOK NUMBER
International Standard Book Number 9788190407557
082 ## - DEWEY DECIMAL CLASSIFICATION NUMBER
Classification number B135x54 K96c
100 ## - MAIN ENTRY--PERSONAL NAME
Personal name Barot, Jayesh Kumar Nathalal
245 ## - TITLE STATEMENT
Title Change in rural society of India
Statement of responsibility, etc. by Jayesh Kumar. N. Barot and Vijesinh . K. Pagi
260 ## - PUBLICATION, DISTRIBUTION, ETC.
Place of publication, distribution, etc. Anand (Gujarat)
Name of publisher, distributor, etc. Sarth
Date of publication, distribution, etc. 2010
300 ## - PHYSICAL DESCRIPTION
Extent 408p.
650 ## - SUBJECT ADDED ENTRY--TOPICAL TERM
Topical term or geographic name entry element India -- Rural conditions
650 ## - SUBJECT ADDED ENTRY--TOPICAL TERM
Topical term or geographic name entry element Villages -- India
Holdings
Withdrawn status Lost status Damaged status Not for loan Permanent Location Current Location Date acquired Full call number Barcode Date last seen Price effective from Koha item type
        Indian Institute of Public Administration Indian Institute of Public Administration 2013-06-25 B135x54 K96c 85135 2018-07-21 2018-07-21 Book

Powered by Koha